Soar like eagles : (Record no. 82664)

MARC details
000 -LEADER
fixed length control field 00643nam a22002057a 4500
005 - DATE AND TIME OF LATEST TRANSACTION
control field 20140415124050.0
010 ## - LCCN (DPL NO)
LC control number ENG-109368
020 ## - INTERNATIONAL STANDARD BOOK NUMBER
International Standard Book Number 9788178003085
Terms of availability 225.00
035 ## - SYSTEM CONTROL NUMBER
System control number EN-92901
037 ## - SOURCE OF ACQUISITION
Source of stock number/acquisition DBAD/PUB
082 ## - DEWEY DECIMAL CLASSIFICATION NUMBER
Classification number 158.1
100 ## - MAIN ENTRY--PERSONAL NAME
Personal name Rao, M.S.
245 ## - TITLE STATEMENT
Title Soar like eagles :
Statement of responsibility, etc by M.S. Rao [and] M. Ganesh Sai; foreworded by John H. Zenger
Remainder of title success tools for freshers /
250 ## - EDITION STATEMENT
Edition statement
260 ## - PUBLICATION, DISTRIBUTION, ETC. (IMPRINT)
Place of publication, distribution, etc Hyderabad
Name of publisher, distributor, etc BS Publications
Date of publication, distribution, etc 2014
270 ## - ADDRESS
Address 4-4-309, Giriraj Lane, Sultan Bazar
City Hyderabad
Postal code 500095
300 ## - PHYSICAL DESCRIPTION
Extent xxxiii,138p.
Dimensions 22cm(pbk)
700 ## - ADDED ENTRY--PERSONAL NAME
Personal name Sai, M. Ganesh
942 ## - ADDED ENTRY ELEMENTS (KOHA)
Source of classification or shelving scheme Dewey Decimal Classification
Item type English Books
Call number suffix RAO
Classification part 158.1
Holdings
Withdrawn status Lost status Not for loan Collection code Home library Current library Date acquired Source of acquisition Cost, normal purchase price Full call number Barcode Copy number Cost, replacement price Koha item type
    Not For Loan Non-fiction D.B.Act.Division D.B.Act.Division 21/02/2014 DBAD/PUB 225.00 158.1 RAO EN-92901 1 225.00 English Books

© Delhi Public Library
Hit Counter
free hit counter